000 00497nam a2200193 a 4500
005 20230602063722.0
008 020923s2001 mx r 000 0 spa d
020 _a9706905340
035 _aUPN01000119526
049 _aCG
050 4 _aPQ7298.23 O7
_bC8.2
100 1 _aMora, Antonia,
_d1934-
_938605
245 1 4 _aLos cuarenta chatos /
_cAntonia Mora.
260 _aMéxico:
_bPlaneta,
_c2001.
300 _a117 p.
650 4 _aNovela mexicana
_94557
902 _aBDV/dmcv
905 _aLibro
999 _c91880
_d91880